000 00421nam a2200181Ia 4500
003 OSt
005 20221019092516.0
008 210210b1953 xxu||||| |||| 00| 0 eng d
040 _cAL
041 _aeng
082 _a580/191
100 _aMUNDKUR (B B)
_959919
245 _aFungi and plant disease
260 _aLondon
_bMacmillan & Co. Ltd
_c1953
690 _aBotany
_959920
906 _a010451
942 _2ddc
_cBK
999 _c138219
_d138219